| 000 | 01154cam a2200361 i 4500 | ||
|---|---|---|---|
| 001 | 5963 | ||
| 003 | FISKH | ||
| 005 | 20250409154859.0 | ||
| 008 | 130815s2014 nyua c 000 1 eng | ||
| 010 | _a 2013032817 | ||
| 020 | _a9780062198457 (library bdg.) | ||
| 020 | _a9780062198440 (pbk. bdg.) | ||
| 020 | _a9780545796071 | ||
| 040 |
_aDLC _beng _cDLC _erda _dDLC |
||
| 050 | _aPZ7.G9846 M | ||
| 082 | _a813.6 | ||
| 100 | 1 |
_aGutman, Dan _e(1955-) |
|
| 245 | 1 | 0 |
_aMiss Klute is a hoot! / _cDan Gutman ; pictures by Jim Paillot. |
| 250 | _aThis edition first published in 2014 | ||
| 260 |
_aNew York : _bScholastic, _c2014. |
||
| 300 |
_a106 pages : _billustrations ; _c20 cm. |
||
| 490 | 0 |
_aMy weirder school ; _v#11 |
|
| 505 | _aN | ||
| 520 | _a"Story time goes to the dogs when Ella Mentry School gets a therapy dog to help kids with their reading skills"-- | ||
| 521 |
_a570
_bLexile |
||
| 521 |
_aN
_bRaz-Plus |
||
| 650 | 1 |
_aReading _vFiction. |
|
| 650 | 1 |
_aLabradoodle _vFiction. |
|
| 700 | 1 |
_aPaillot, Jim _eillustrator. |
|
| 906 |
_a7 _bcbc _corignew _d1 _eecip _f20 _gy-gencatlg |
||
| 942 |
_2ddc _cBK _n0 |
||
| 999 |
_c5963 _d5963 |
||